Beautiful thing /

Saved in:
書目詳細資料
其他作者: Harvey, Jonathan, (1968-), Henry, Linda, MacDonald, Hettie
格式: 幻燈片
語言:意大利语
出版: Italia : Lucky red, c1997
標簽: 添加標簽
沒有標簽, 成為第一個標記此記錄!

MARC

LEADER 00000ngm a22000007i 4500
001 IT\ICCU\UBO\1497605
003 ItRI
005 20260124182844.0
008 011115s1997 it |||||||||||||||k|||||c
040 |b ita 
041 7 |a ita  |2 ISO-639-2 
245 0 0 |a Beautiful thing /  |c regia: Hettie Macdonald ; sceneggiatura Jonathan Harvey tratto dal suo testo teatrale. 
260 |a Italia :  |b Lucky red,  |c c1997 
300 |a 1 videocassetta (VHS) (ca.90 min.) :  |b color. (PAL), son 
500 |a Interpreti: Linda Henry ... [et al.] 
500 |a Descrizione basata sul contenitore. 
700 1 |a Harvey, Jonathan,  |d  (1968-)  |0 IT\ICCU\LO1V\400129 
700 1 |a Henry, Linda  |0 IT\ICCU\UBOV\573686 
700 1 |a MacDonald, Hettie  |0 IT\ICCU\UBOV\573687 
790 1 |a Harvey, Jonathan Paul  |3 IT\ICCU\BCTV\012227  |z Harvey, Jonathan (1968-) 
790 1 |a Harvey, Jonathan  |c  (commediografo e romanziere)  |3 IT\ICCU\BCTV\012228  |z Harvey, Jonathan (1968-) 
942 |2 ddc  |c VM  |n 0 
952 |0 0  |1 0  |4 0  |6 VO_568_000000000000000  |7 0  |9 27051  |a BO  |b BO  |d 2026-01-24  |i 7148  |l 0  |o VO 568  |p BO7148  |r 2026-01-24 18:28:44  |w 2026-01-24  |x [Sebina 5] [1 videocassetta]  |y VM  |z 1 videocassetta 
952 |0 0  |1 0  |4 0  |6 VO_1011_000000000000000  |7 0  |9 27052  |a BO  |b BO  |d 2026-01-24  |i 8233  |l 0  |o VO 1011  |p BO8233  |r 2026-01-24 18:28:44  |w 2026-01-24  |x [Sebina 5] [1 videocassetta]  |y VM  |z 1 videocassetta 
999 |c 22892  |d 22892